01017nam a22002537i 4500003000900000005001700009008004100026040004300067082002200110245003100132264003200163300004600195336002600241337002800267338002700295500002100322650006700343653002800410655002400438942001200462999001700474952013600491952013600627EG-ScBUE20220920093719.0200219s2016 enka f 001 0 eng d aEG-ScBUEbengerdacEG-ScBUEdEG-ScBUE04222a428.0071bENG00aEnglish language teaching. 1a[London] :bPearson,c2016. a153 pages :bcolor illustrations ;c28 cm 2rdacontentatextbtxt 2rdamediaaunmediatedbn 2rdacarrieravolumebnc aIncludes index.  7aEnglish languagexStudy and teachingxForeign speakers.2BUEsh bHHUUEENNcSeptember2022 vReading book934232 2ddccBB c29925d29896 00102ddc40708Donation-GaMAINbMAINc2NDd2022-09-20eDonationl0o428.0071 ENGp000056386r2025-07-15 00:00:00w2022-09-20yBB 00102ddc40708Donation-GaMAINbMAINc2NDd2022-09-20eDonationl0o428.0071 ENGp000056387r2025-07-15 00:00:00w2022-09-20yNB